ბათუმის შოთა რუსთაველის სახელმწიფო უნივერსიტეტის ბიბლიოთეკა

ზღვებისა და მტკნარი წყლების ბიოლოგია / (ბიბ.ჩანაწერი № 34838)

000 -ლიდერი
ფიქსირებული სიგრძის საკონტროლო ველი 01306nam a2200277Ia 4500
001 - საკონტროლო ნომერი
საკონტროლო ველი 649
003 - საკონტროლო ნომრის იდენტიფიკატორი
საკონტროლო ველი GE_BSU
005 - ბოლო ოპერაციის თარიღი და დრო
საკონტროლო ველი 20251024142849.0
008 - ფიქსირებული სიგრძის მონაცემთა ელემენტები - ზოგადი ინფორმაცია
ფიქსირებული სიგრძის საკონტროლო ველი 181216s2003||||ge |||||||||||||| ||geo||
020 ## - წიგნის საერთაშორისო სტანდარტული ნომერი
International Standard Book Number 9994020005
040 ## - კატალოგიზაციის წყარო
Transcribing agency GE_BSU
041 ## - ენის კოდი
Language code of text/sound track or separate title geo
080 ## - უნივერსალური ათობითი კლასიფიკაციის ინდექსი
Universal Decimal Classification number 577.356(075.8) კ–41
100 ## - მთავარი ჩანაწერი - პიროვნების სახელი
Personal name კერესელიძე, ზელიმხან
9 (RLIN) 26108
245 ## - ცნობა სათაურის შესახებ
Title ზღვებისა და მტკნარი წყლების ბიოლოგია /
Statement of responsibility, etc ზელიმხან კერესელიძე; [რედ.: გ. ქაჯაია].
264 ## - წარმოების, გამოცემის, დისტრიბუციის და სხვა ცნობები
გამოცემის, წარმოების, დისტრიბუციის... ადგილი თბილისი :
გამოცემის, წარმოების, დისტრიბუციის... სახელწოდება თბილისის უნივერსიტეტის გამ–ბა,
გამოცემის, წარმოების, დისტრიბუციის... თარიღი 2003.
300 ## - ფიზიკური აღწერა
Extent 203გვ.
653 ## - INDEX TERM--UNCONTROLLED
Uncontrolled term ბიოლოგია
653 ## - INDEX TERM--UNCONTROLLED
Uncontrolled term ზღვების ბიოლოგია
653 ## - INDEX TERM--UNCONTROLLED
Uncontrolled term მტკნარი წყლების ბიოლოგია
653 ## - INDEX TERM--UNCONTROLLED
Uncontrolled term წყალსატევების ბიოლოგიური ანალიზი.
653 ## - INDEX TERM--UNCONTROLLED
Uncontrolled term დაბინძურების გავლენა წყალსატევების ბინადრებზე.
700 ## - ADDED ENTRY--PERSONAL NAME
Personal name ქაჯაია, გ.
Relator term რედაქტორი
9 (RLIN) 2594
942 ## - ADDED ENTRY ELEMENTS (KOHA)
Koha item type წიგნი
Source of classification or shelving scheme
ეგზემპლარები
ჩამოწერის სტატუსი დაკარგული ეგზემპლარის სტატუსი კლასიფიკაციის წყარო ან თაროზე გაწყობის სქემა დაზიანების სტატუსი არ გაიცემა მუდმივი მდებარეობა (დაცვის ადგილი) ამჟამინდელი ადგილსამყოფელი თაროზე განთავსების ადგილი შეძენის თარიღი ღირებულება, შესყიდვის ნორმალური ფასი სრული შენახვის შიფრი შტრიხკოდი ბოლო ოპერაციის თარიღი ეგზემპლარის მიმდევრობითი ნომერი (კეტერი?) ფასის ძალაში შესვლის თარიღი ეგზემპლარის სახეობა საჯარო შენიშვნა
          ბათუმის შოთა რუსთაველის სახელმწიფო უნივერსიტეტის მთავარი ბიბლიოთეკა ბათუმის შოთა რუსთაველის სახელმწიფო უნივერსიტეტის მთავარი ბიბლიოთეკა წიგნსაცავი 2018-12-17 7.00 577.356(075.8) კ–41 1874 2018-12-17 1874 2018-12-17 წიგნი 7 ლ.